History Quiz

Random History or Biography Quiz

The 3rd Thing You Need to Know: World Leaders Quiz Stats

Quiz Updated Nov 10, 2017

Challenge
Share
Tweet
Embed
Score 0/20 Timer 04:00
0 Plays Today
% Correct
Fidel Castro
94.3%
Henry VIII of England
93.4%
Margaret Thatcher
93.1%
Nelson Mandela
93%
Xi Jinping
92.2%
Angela Merkel
92.1%
Barack Obama
92.1%
Charles de Gaulle
90.5%
Leonid Brezhnev
88.4%
John F. Kennedy
86.5%
% Correct
Francisco Franco
84.7%
Konrad Adenauer
83.9%
Theodore Roosevelt
83.2%
Eva PerĂ³n
82.7%
Ronald Reagan
80.3%
Nicolas Sarkozy
80.2%
Clement Attlee
76.2%
Corazon Aquino
69.9%
Dilma Rousseff
68.2%
Silvio Berlusconi
66.7%

You're not logged in!

Compare scores with friends on all Sporcle quizzes.
Sign Up with Email
OR
Log In

You Might Also Like...

Show Comments

Extras

Top Quizzes Today


Score Distribution

Your Account Isn't Verified!

In order to create a playlist on Sporcle, you need to verify the email address you used during registration. Go to your Sporcle Settings to finish the process.